000
00290nam a22001097a 4500
082
_a
358.20954
_b
SHO
245
_a
A Short history of the 17th and 22nd Field Companies
300
_a
131. P
_b
ill,
_c
15cm
526
_a
0
_b
0
_c
0
_d
358_209540000000000_SHO
650
_a
MCE
_9
379
942
_2
ddc
_c
BK
999
_c
552793
_d
552793